MyGZULibrary

Genomic and precision medicine : (Record no. 10770)

MARC details
000 -LEADER
fixed length control field 03392cam a22005297i 4500
001 - CONTROL NUMBER
control field 19769482
003 - CONTROL NUMBER IDENTIFIER
control field GZU
005 - DATE AND TIME OF LATEST TRANSACTION
control field 20221013115822.0
008 - FIXED-LENGTH DATA ELEMENTS--GENERAL INFORMATION
fixed length control field 170705s2018 enka b 001 0 eng c
010 ## - LIBRARY OF CONGRESS CONTROL NUMBER
LC control number 2017947672
016 7# - NATIONAL BIBLIOGRAPHIC AGENCY CONTROL NUMBER
Record control number 101722476
Source DNLM
020 ## - INTERNATIONAL STANDARD BOOK NUMBER
International Standard Book Number 9780128018125
020 ## - INTERNATIONAL STANDARD BOOK NUMBER
International Standard Book Number 0128018127
022 ## - INTERNATIONAL STANDARD SERIAL NUMBER
International Standard Serial Number 9780128018125
035 ## - SYSTEM CONTROL NUMBER
System control number (OCoLC)on1030587991
040 ## - CATALOGING SOURCE
Original cataloging agency NLM
Language of cataloging eng
Transcribing agency NLM
Description conventions rda
Modifying agency OCLCO
-- BTCTA
-- BDX
-- YDX
-- CHVBK
-- EOS
-- OCLCF
-- DLC
050 00 - LIBRARY OF CONGRESS CALL NUMBER
Classification number RC669
Item number .GEN 2018
130 0# - MAIN ENTRY--UNIFORM TITLE
Uniform title Genomic and personalized medicine.
245 10 - TITLE STATEMENT
Title Genomic and precision medicine :
Name of part/section of a work Cardiovascular disease /
Statement of responsibility, etc. edited by Geoffrey S. Ginsburg, Huntington F. Willard.
246 1# - VARYING FORM OF TITLE
Title proper/short title Cardiovascular disease
250 ## - EDITION STATEMENT
Edition statement Third edition.
264 #1 - PRODUCTION, PUBLICATION, DISTRIBUTION, MANUFACTURE, AND COPYRIGHT NOTICE
Place of production, publication, distribution, manufacture London :
Name of producer, publisher, distributor, manufacturer Elsevier/Academic Press, an imprint of Elsevier,
Date of production, publication, distribution, manufacture, or copyright notice [2018]
300 ## - PHYSICAL DESCRIPTION
Extent xiv, 321 pages :
Other physical details illustrations (some color) ;
Dimensions 24 cm
336 ## - CONTENT TYPE
Content type term text
Content type code txt
Source rdacontent
337 ## - MEDIA TYPE
Media type term unmediated
Media type code n
Source rdamedia
338 ## - CARRIER TYPE
Carrier type term volume
Carrier type code nc
Source rdacarrier
500 ## - GENERAL NOTE
General note Preceded by Genomic and personalized medicine / edited by Geoffrey S. Ginsburg and Huntington F. Willard. 2nd ed. 2013. (2 volumes).
504 ## - BIBLIOGRAPHY, ETC. NOTE
Bibliography, etc. note Includes bibliographical references and index.
505 0# - FORMATTED CONTENTS NOTE
Formatted contents note Family health history and health risk assessment for cardiovascular disease in health care -- Personalized lifestyle medicine -- Lipoprotein disorders -- Metabolic syndrome -- Hypertension -- Novel approaches to cardiovascular diagnostics : focus on coronary artery disease and myocardial infarction -- Hypertrophic cardiomyopathy in the era of genomic medicine -- Genomics to predict risk of coronary artery disease -- Genomics-guided antithrombotic therapy for acute coronary syndromes -- Heart failure : impact of genetics and genomics -- Arrhythmia genomics -- Genetics and genomics of peripheral arterial disease -- Genetic basis of congenital heart disease -- Perioperative genomics -- Genomics of ischemic stroke and prospects for clinical applications -- Cardiovascular pharmacogenetics.
520 ## - SUMMARY, ETC.
Summary, etc. Genomic and Precision Medicine: Cardiovascular Disease, Third Edition, focuses on the applications of genome discovery on the broad spectrum of cardiovascular disorders. Each chapter is organized for the application of genomics and personalized medicine tools and technologies to a) Risk Assessment and Susceptibility, b) Diagnosis and Prognosis, c) Pharmacogenomics and Precision Therapeutics, and d) Emerging and Future Opportunities in the field.--
Assigning source Source other than the Library of Congress.
650 #0 - SUBJECT ADDED ENTRY--TOPICAL TERM
Topical term or geographic name entry element Cardiovascular system
General subdivision Diseases.
650 #0 - SUBJECT ADDED ENTRY--TOPICAL TERM
Topical term or geographic name entry element Cardiovascular system
General subdivision Diseases
-- Genetic aspects.
650 #0 - SUBJECT ADDED ENTRY--TOPICAL TERM
Topical term or geographic name entry element Medical genetics.
650 #0 - SUBJECT ADDED ENTRY--TOPICAL TERM
Topical term or geographic name entry element Genomics.
650 12 - SUBJECT ADDED ENTRY--TOPICAL TERM
Topical term or geographic name entry element Cardiovascular Diseases
General subdivision drug therapy.
650 22 - SUBJECT ADDED ENTRY--TOPICAL TERM
Topical term or geographic name entry element Cardiovascular Diseases
General subdivision genetics.
650 22 - SUBJECT ADDED ENTRY--TOPICAL TERM
Topical term or geographic name entry element Cardiovascular Agents
General subdivision therapeutic use.
650 22 - SUBJECT ADDED ENTRY--TOPICAL TERM
Topical term or geographic name entry element Precision Medicine.
650 #7 - SUBJECT ADDED ENTRY--TOPICAL TERM
Topical term or geographic name entry element Cardiovascular system
General subdivision Diseases.
Source of heading or term fast
Authority record control number or standard number (OCoLC)fst00847181
650 #7 - SUBJECT ADDED ENTRY--TOPICAL TERM
Topical term or geographic name entry element Cardiovascular system
General subdivision Diseases
-- Genetic aspects.
Source of heading or term fast
Authority record control number or standard number (OCoLC)fst00847194
650 #7 - SUBJECT ADDED ENTRY--TOPICAL TERM
Topical term or geographic name entry element Genomics.
Source of heading or term fast
Authority record control number or standard number (OCoLC)fst00940228
650 #7 - SUBJECT ADDED ENTRY--TOPICAL TERM
Topical term or geographic name entry element Medical genetics.
Source of heading or term fast
Authority record control number or standard number (OCoLC)fst01014133
700 1# - ADDED ENTRY--PERSONAL NAME
Personal name Ginsburg, Geoffrey S.,
Relator term editor.
700 1# - ADDED ENTRY--PERSONAL NAME
Personal name Willard, Huntington F.,
Relator term editor.
906 ## - LOCAL DATA ELEMENT F, LDF (RLIN)
a 7
b cbc
c pccadap
d 2
e ncip
f 20
g y-gencatlg
942 ## - ADDED ENTRY ELEMENTS (KOHA)
Source of classification or shelving scheme Library of Congress Classification
Koha item type Books
Edition Third edition
Classification part 669
Item part GEN
Call number prefix RC
Holdings
Withdrawn status Lost status Source of classification or shelving scheme Damaged status Not for loan Collection code Home library Current library Shelving location Date acquired Source of acquisition Total Checkouts Full call number Barcode Date last seen Copy number Price effective from Koha item type
    Library of Congress Classification     Non-fiction City Campus Library City Campus Library General Stacks 10/13/2022 Donation from ZIMCHE   RC669 GEN 2018 032606 10/13/2022 c. 1 10/13/2022 Books